Capitales des aires principales du pays de Galles - Carte Quiz - Statistiques

Statistiques générales
  • Ce quiz a été pris 2 fois
  • Le résultat moyen est 9 sur 22
Réponses sur la Carte
Les réponses sont colorées sur une échelle allant du rouge au vert en fonction du pourcentage des utilisateurs qui les ont devinées à leur premier essai. Vous pouvez retrouver ces pourcentages ci-dessous.
 
Statistiques - réponses
Réponse % Correct
Newport
100%
Barry
50%
Bridgend
50%
Caernarfon
50%
Caerphilly
50%
Cardiff
50%
Carmarthen
50%
Conwy
50%
Haverfordwest
50%
Llandrindod Wells
50%
Llangefni
50%
Merthyr Tydfil
50%
Mold
50%
Pontypool
50%
Port Talbot
50%
Swansea
50%
Wrexham
50%
Aberaeron
0%
Cwmbran
0%
Ebbw Vale
0%
Ruthin
0%
Tonypandy
0%
Aucun quiz correspondant
Distribution des résultats
% des personnes avec chaque résultat
Percentile par nombre de réponses
Votre historique - résultats
Vous n’avez pas pris ce quiz